| 000 | 00541nam a2200205Ia 4500 | ||
|---|---|---|---|
| 008 | 160803s9999 xx 000 0 und d | ||
| 020 | _a9780545153607 | ||
| 100 | _aRyan, Pam Munoz | ||
| 245 | _aCornelia and the great snake escape / | ||
| 245 | _cby Pam Muņoz Ryan ; illustrated by Julia Denos. | ||
| 260 | _aNew York : | ||
| 260 | _bScholastic Inc. | ||
| 260 | _c2009 | ||
| 300 | _a48 pages : | ||
| 300 | _bcolor illustrations ; | ||
| 300 | _c20 cm | ||
| 650 | _aSnakes -- | ||
| 650 | _xJuvenile fiction. | ||
| 700 | _a400 | ||
| 999 |
_c298939 _d298939 |
||